[Event "FRA-chT Gp-B"]
[Site "France"]
[Date "2003.01.31"]
[Round "1.6"]
[White "Chabanon, Jean Luc"]
[Black "Santo Roman, Marc"]
[Result "1-0"]
[WhiteElo "2382"]
[BlackElo "2504"]
[Annotator "Roiz,M"]
[PlyCount "67"]
[EventDate "2003.01.31"]
[EventType "team"]
[EventRounds "7"]
[EventCountry "FRA"]
[SourceTitle "CBM 094"]
[Source "ChessBase"]
[SourceDate "2003.05.26"]
[SourceVersion "1"]
[SourceVersionDate "2003.05.26"]
[SourceQuality "1"]
[WhiteTeam "Cannes"]
[BlackTeam "Montpellier"]
[WhiteTeamCountry "FRA"]
[BlackTeamCountry "FRA"]

1. d4 f5 2. g3 Nf6 3. Bg2 g6 4. Nf3 Bg7 5. O-O O-O 6. c4 d6 7. Nc3 Nc6 8. d5
Na5 9. Qd3 (9. Qa4 {is more popular nowdays.}) 9... c5 {This pawn structure is
typical.The only difference between this line and ''Yugo'' variation in E66 is
that the pawn is on f5.Usually,white can use the weakness on e6.On the other
hand,It is not so easy to push the standard e2-e4.} ({9...e5 leads to slighty
better positions for white:} 9... e5 10. dxe6 Bxe6 11. b3 Nc6 12. Rb1 (12. Bb2
Ne4 13. Rac1 a5 14. Rfd1 a4 15. Qb1 axb3 16. axb3 Qf6 17. e3 Rae8 18. Rc2 Qe7
19. Nd5 Qf7 20. Bxg7 Qxg7 21. Qb2 Qxb2 22. Rxb2 Bxd5 23. cxd5 Nb4 24. Rd4 Na6
25. Rc2 Re7 26. b4 $14 {0-1 Sakaev,K-Lastin,A/RUS-ch m1-2 Elista 1997[Meulders]
}) 12... Ng4 13. Qd2 h6 14. e3 Qd7 15. Ne2 Bf7 16. Bb2 Nf6 17. Rbd1 $14 {
1-0 Bareev,E-Lastin,A/RUS-ch m1-2 Elista 1997[Tyomkin,D]}) 10. Nd2 ({The
alternatives are:} 10. Rb1 Ne4 $1 (10... a6 $6 11. b4 Ne4 12. Na4 cxb4 13. Be3
Nxc4 14. Qxc4 b5 15. Qxb4 bxa4 16. Nd4 $16) 11. Ng5 Nxc3 12. bxc3 Qe8 13. Rb5
b6 14. e4 a6 15. Rxb6 Qa4 16. Ne6 Nxc4 17. Rb3 Bxe6 18. dxe6 Ne5 19. Qb1 fxe4
20. Bxe4 Rad8 $132 {0-1 Fauland,A-Tseitlin,Mihail S/Elekes mem Budapest 1990})
(10. Bd2 a6 11. Rac1 (11. Ng5 $5 Rb8 12. b3 Qe8 13. Rab1 b5 14. e3 Nd7 15. Ne2
Ne5 16. Qc2 h6 17. Nf3 Nxf3+ 18. Bxf3 Nb7 19. Bc3 $36 {1-0 Vaulin,A-Diu,V/
RUS-ch 54th Elista 2001}) 11... Rb8 12. b3 b5 (12... Bd7) 13. cxb5 (13. Nd1 Ne4
14. Be1 e5 15. dxe6 Bxe6 16. Ne3 bxc4 17. bxc4 Nc6 $132 {1/2-1/2 Flear,G-Santo
Roman,M/Montpellier op 1999}) 13... axb5 14. Nxb5 Ba6 15. a4 Ne4 16. Rb1 Qb6
17. b4 cxb4 18. Rxb4 Rfc8 19. Be3 Qb7 20. Bd4 $14 {1/2-1/2 Petrosian,A-Beim,V/
Groningen op 1990}) (10. Ng5 {This move is the most principle.} a6 (10... Rb8
11. e4 a6 12. Ne6 Bxe6 13. dxe6 fxe4 14. Nxe4 Ng4 15. f4 b5 16. cxb5 axb5 17.
Qe2 $14 {1-0 Gurieli,N-Kholmov,R/Moscow 1992}) (10... Ng4 11. f4 a6 12. h3 Nh6
(12... Nf6) 13. b3 (13. e4 b5 14. cxb5 axb5 15. Nxb5 fxe4 16. Bxe4 Nf5 $44)
13... b5 14. Rb1 Rb8 15. Be3 Bd7 16. Ne6 Bxe6 17. dxe6 b4 $6 (17... Qe8 $142
18. Nd5 Kh8) 18. Nd5 Kh8 19. Bf2 Nc6 20. e4 $36 {1/2-1/2 Mitenkov,A-Rustemov,A/
Moscow-ch op 1995[Shipov]}) 11. e4 (11. Rb1 Rb8 12. Bd2 Qe8 13. b3 b5) 11...
fxe4 (11... b5 12. cxb5 axb5 13. Nxb5 Nxe4 14. Nxe4 fxe4 15. Bxe4 Ba6 16. a4
$14) 12. Ncxe4 b5 13. cxb5 axb5 14. Nxf6+ Rxf6 15. Ne6 Bxe6 16. dxe6 Rb8 17. f4
$36 {1-0 Stanec,N-Neulinger,M/Oberwart op 1992}) (10. b3 a6 11. Bb2 Rb8 12. Nd2
{-10.Nd2} (12. Rab1 Bd7 13. Ba1 b5)) 10... a6 (10... e5 $5 11. dxe6 (11. e4 f4
12. a3 b6 13. b4 Nb7 {[%cal Gg6g5]}) 11... Bxe6 12. Nd5 (12. b3 Nc6 13. Bb2 Nb4
14. Qf3 Rf7 15. Rfd1 Ng4 $132 {0-1 Fish,G-Annakov,B/Wch U20 Buenos Aires 1992})
12... Nc6 13. Rd1 Ne5 14. Qc2 (14. Nxf6+ Bxf6 15. Qc2 Qe7) 14... Nxd5 15. cxd5
Bd7 $11) 11. b3 Rb8 12. Bb2 Bd7 {[%csl Ra5][%cal Gb7b5] Black is ready to
start his counterplay by b7-b5.The drawback of his position is Na5.Oftenly,in
this type of positions,black tries to prepare e7-e6 or e7-e5:after dxe6 Na5
has good perspectives on c6.It is clear,that black would prefer his pawn on f7.
} 13. Nd1 (13. a3 Ng4 $1 {[%csl Rd3][%cal Gg4e5]} 14. Qc2 b5 15. cxb5 axb5 16.
b4 cxb4 17. axb4 Nc4 18. Nxc4 bxc4 $132 {1/2-1/2 Rychagov,A-Rustemov,A/
Moscow-ch op 1995}) 13... b5 14. Bc3 {[%cal Yc3a5] The knight is under control!
} Qc7 (14... e5 15. dxe6 Bxe6 16. Ne3 $14) 15. f4 {[%csl Ye5][%cal Gd1f2,Ge2e4]
Siezing more space,taking the-''e5'' square under control and preparing e2-e4.}
(15. Ne3 Nb7 {[%cal Gb7d8,Gd8f7]}) 15... e6 $1 $146 {[%mdl 8] After this
strong move i don't see how white can get advantage.} (15... bxc4 16. bxc4 Rb7
17. Ne3 (17. Nf2 $5 Rfb8 18. e4 fxe4 19. Nfxe4 Bf5 20. Rae1 $14) 17... Rfb8 18.
Rfb1 Ne8 19. h3 Bxc3 20. Qxc3 Nf6 21. Kf2 Rxb1 22. Rxb1 Rxb1 23. Nxb1 Qb6 24.
Nd2 $14 {1/2-1/2 Savchenko,S-Van Mil/Capelle op Capelle la Grande 1998}) 16.
Ne3 Rfe8 (16... Rbe8 $5) 17. g4 $6 (17. dxe6 Bxe6 18. Rad1 (18. Nd5 Nxd5 19.
cxd5 c4 $1 20. bxc4 Qc5+ $1 (20... bxc4 21. Nxc4) 21. Rf2 bxc4 22. Nxc4 Bxc3
23. Qxc3 Nxc4 24. dxe6 Rxe6 25. Rc1 Ne3 $11) 18... Kh8 $132) (17. Rae1 e5 $1
18. fxe5 dxe5 19. d6 $140 $6 Qb6 20. Nd5 Nxd5 21. Bxd5+ Kh8 $15) 17... b4 $1 {
Maybe this strong move was overrlooked by white. Now he has to change his
strong bishop.} (17... Nxg4 18. Nxg4 fxg4 19. Bxg7 Kxg7 20. dxe6 Rxe6 21. f5 $1
Rf6 22. fxg6 Rxg6 23. Qc3+ $18) (17... fxg4 18. dxe6 Bxe6 19. f5 Bf7 (19...
gxf5 20. Nxf5 Bxf5 21. Rxf5 Re6 22. Bd5 Nxd5 23. Qxd5 Bxc3 24. Qxe6+ Kh8 25.
Raf1 $18) 20. Bxf6 $1 Bxf6 21. Nxg4 Bxa1 22. Rxa1 Kf8 23. Rf1 {with decisive
attack.}) 18. Bxf6 (18. Bb2 $2 Nxg4 19. Bxg7 Nxe3 20. Qxe3 Kxg7 $19) 18... Bxf6
19. dxe6 (19. Rad1 Bd4 (19... e5 20. gxf5 exf4 21. Rxf4 Bg5 22. Re4) 20. Kh1 e5
$1 21. gxf5 (21. fxe5 Rxe5 22. Nc2 Bc3 $15) 21... exf4 22. Ng4 Kh8 $1 23. Rxf4
Bxf5 $15) 19... Bxe6 (19... Bd4 $2 20. gxf5 gxf5 21. Kh1 $16) 20. gxf5 $2 {
The sucrifice is not correct.} (20. Nd5 Bxd5 21. Qxd5+ Kh8 22. Rae1 Bd4+ (22...
fxg4 23. Ne4) 23. Kh1 fxg4 24. Ne4 Nb7 25. e3 Bg7 26. Ng5 $44 Nd8 27. Rg1 {
[%cal Gg2e4]}) 20... Bxf5 21. Nxf5 Bxa1 22. Qd5+ (22. Nh6+ Kg7 23. Rxa1 Kxh6) (
22. Rxa1 gxf5 23. Qxf5 Qg7) 22... Kf8 $4 {Only one mistake can change the
result of the game!} (22... Kh8 23. Nxd6 Bd4+ 24. Kh1 Rxe2 25. N2e4 (25. Nf3
Bf6 26. Ne5 Rf8) 25... Qe7 $17 {In this position white has some compensation
due to the bad position of Na5,but i think that black must be better here.})
23. Rxa1 gxf5 24. Qxf5+ Qf7 (24... Kg8 25. Ne4) 25. Qxf7+ Kxf7 26. Bd5+ {
[%csl Ra5,Gd5] The main white's advantage in this position is difference
between Bd5 and Na5!} (26. Kf2 Rbc8 27. Bd5+ Ke7 28. Rg1 $18) 26... Ke7 27. Kf2
{Black has nothing to do-his Na5 is out of play and white has full domination.}
(27. a3 Kd7 (27... Rb6 28. axb4 Nc6 $14) 28. Kf2 Nc6 29. Bxc6+ Kxc6 30. axb4
Rxb4 31. Rxa6+ Rb6 32. Ra7 Rb7 $14) 27... Kd7 28. Ne4 {[%cal Ge4f6]} (28. Rg1
$6 Re7 29. Ne4 Rf8) 28... Rf8 29. Rg1 $1 (29. e3 Rbe8 30. Rg1 Re7) 29... Rbe8 (
29... Rxf4+ 30. Ke3 Rh4 (30... Rxe4+ 31. Kxe4 Re8+ 32. Kd3 Re7 33. Rg8 Nc6 34.
Ra8 $16) 31. Rg7+ Kd8 32. Nxd6 Rh3+ 33. Kd2 Rb6 (33... Rxh2 $4 34. Be6 $18 {
[%cal Gg7d7]}) 34. Ne4 Rxh2 35. Nxc5 $16) 30. e3 Re7 31. Rg5 Nc6 32. Ng3 $16 {
[%cal Gg3f5] Black's main problem is that his knight cannot be improved and
his rooks are very passive.} h6 33. Bxc6+ $1 (33. Rg6 $4 Ne5 $1 {[%csl Rg6]}
34. Rxh6 Ng4+) 33... Kxc6 34. Rg6 {Strange enouth, that black resigned in this
position because he has some practice chanses to survive.} ({For example:} 34.
Rg6 Rfe8 35. Nf5 Re6 36. Rxh6 Rxh6 37. Nxh6 Kd7 $16 {[%cal Gd7e6,Ga6a5,Ga5a4]})
1-0

[Event "FIDE-Wch k.o."]
[Site "Tripoli"]
[Date "2004.06.22"]
[Round "2.3"]
[White "Beliavsky, Alexander G"]
[Black "Kobalia, Mihail"]
[Result "1/2-1/2"]
[WhiteElo "2667"]
[BlackElo "2630"]
[Annotator "Roiz,M"]
[PlyCount "137"]
[EventDate "2004.06.19"]
[EventType "k.o."]
[EventRounds "7"]
[EventCountry "LBY"]
[SourceTitle "CBM 102"]
[Source "ChessBase"]
[SourceDate "2004.09.23"]
[SourceVersion "1"]
[SourceVersionDate "2004.09.23"]
[SourceQuality "1"]

{[%mdl 96]} 1. d4 f5 2. Nf3 Nf6 3. g3 g6 4. Bg2 Bg7 5. O-O O-O 6. c4 d6 7. Nc3
Nc6 8. d5 Ne5 9. Nxe5 dxe5 {That sharp variation is not very popular nowdays
on the top level.} 10. Bg5 $5 {Quite a rare continuation-white accepts an
exchange of his dark-squared bishop in order to decrease black's attacking
possibilities on the kside.} (10. a4 h6 11. a5 a6 12. c5 g5 13. c6 bxc6 14.
dxc6 Be6 15. Qxd8 Rfxd8 16. Be3 e4 17. Bc5 Rd2 18. b4 Nd5 19. Nxd5 Bxd5 20.
Rad1 Rxd1 21. Rxd1 e6 22. f3 Bxc6 23. fxe4 fxe4 $11 {1/2-1/2 Aronian,L-Miton,K/
Athens 2001/EXT 2002 (37)}) (10. Qb3 {[%cal Gf1d1,Gc4c5] is considered as the
most dangerous plan of white} h6 11. Rd1 Kh8 12. c5 g5 13. Bd2 a6 (13... f4 14.
Be1 Bf5 15. Qxb7 Rb8 16. Qxa7 Rxb2 17. Qa3 Rb8 18. d6 $16 {Ibragimov-Glek/URS/
1991}) 14. Na4 (14. Rac1 Rb8 15. Na4 Qe8 16. Bb4 a5 17. Bxa5 Ra8 18. Qb4 f4 19.
d6 fxg3 20. fxg3 Ng4 21. dxe7 Qxe7 22. c6 Qe8 23. cxb7 Bxb7 24. Qxg4 Rxa5 25.
Bxb7 Rxa4 26. Qd7 $16 {1-0 Popov,V-Polivanov,A/St Petersburg 2002/EXT 2003 (38)
}) 14... f4 (14... Qe8 15. Ba5 Bd7 16. Nc3 $16 {1-0 Aseev,K-Popov,V/St
Petersburg 1994/CBM 41/[Dautov] (40)}) 15. Ba5 e4 16. d6 exd6 17. cxd6 e3 (
17... b6 18. dxc7 Qxc7 19. Bxb6 Qe5 20. Bd4 Qf5 21. Nc5 Qg4 22. Nxe4 Nxe4 23.
Bxg7+ Kxg7 24. Bxe4 fxg3 25. Bxa8 {. 1-0 Ilincic,Z-Lanc,A/Bratislava 1996/CBM
55/[Mowsziszian] (25)}) 18. f3 b6 19. dxc7 Qxc7 20. Bxb6 $16 {1/2-1/2 Yakovich,
Y-Potapov,A/St Petersburg 1998/CBM 67 (79)}) 10... e4 $146 {That allows white
to take control on diagonal c1-h6.} (10... h6 11. Bxf6 Bxf6 12. e4 f4 13. Qe2
Bg7 (13... h5 $5 {[%cal Gc8g4,Gh5h4]}) 14. c5 a6 15. Rad1 Qe8 16. Rd3 g5 17.
Bf3 Qd7 18. c6 Qd6 19. cxb7 Bxb7 20. Bg4 $16 {1-0 Bagaturov,G-Novikov,Y/
Pardubice 1995/EXT 97 (44)}) (10... Ne8 11. Bd2 e6 12. Qb3 Rb8 13. Be3 b6 14.
c5 exd5 15. Qxd5+ Qxd5 16. Bxd5+ Kh8 17. f3 Ba6 18. Rfd1 $14 {1-0 Lobejko,
R-Grabarczyk,B/Koszalin 1998/CBM 65 ext (42)}) 11. Qd2 {[%csl Gg5,Rh6][%cal
Yd2h6] Now h7-h6 is not actual anymore,so black cannot develop his initiative
on the kside.} e6 12. Rad1 ({Deserves attention also} 12. Rac1 $5 exd5 13. cxd5
Bd7 14. Rfd1 $14 Qe7 $140 $6 15. Bf4 $1) 12... exd5 13. cxd5 {White prefers to
keep a space advantage,intending to exchange black's strong Pe4 by f2-f3.} ({
Another opportunity of getting a minimal advantage was:} 13. Nxd5 $5 Be6 14.
Qa5 Bxd5 15. Rxd5 Qc8 (15... Qe7 16. Rfd1 $36 {[%cal Gd5d7]}) 16. Rd2 Rd8 17.
Rfd1 Rxd2 18. Rxd2 $14 {and white's heavy pieces are very active.}) 13... Bd7
14. f3 {That is the only way to activate the Bg2.} exf3 15. exf3 $6 {In my
opinion,this move cannot cause black serious problems,as Bg2 is still out of
play.} ({More pretentious was:} 15. Bxf3 Kh8 (15... Qe7 16. d6 cxd6 17. Qxd6
Qxd6 18. Rxd6 Bc6 19. Bxc6 bxc6 20. Rxc6 Rab8 21. b3 Rfc8 22. Rxc8+ Rxc8 23.
Bxf6 Bxf6 24. Nd5 $14) 16. Qf4 $1 Rc8 17. Qb4 $14) 15... Qe7 $2 {Missing a
good opportunity of equalizing.} (15... Re8 $142 16. Rfe1 Rxe1+ 17. Rxe1 Qf8
18. Bf4 Re8 $11) 16. Rfe1 {The point is that now black has to waste much time,
removing his queen,while white will improve his position by useful moves.} Qc5+
(16... Qd6 17. Bf4 Qb6+ 18. Qe3 $14) 17. Be3 Qd6 18. Qf2 {[%csl Rd6][%cal
Ge3c5] Taking control on another important diagonal. It's clear that black
should put on d6 another piece,as Qd6 is the worst one!} (18. Bf4 $5 Qc5+ 19.
Qe3 {-16...Qd6.}) 18... Rfc8 {That move looks ugly,as the difference between
white's and black's rooks is obvious.} ({Maybe more accurate was} 18... Rfe8
19. Bf4 Qb6 20. Qxb6 Rxe1+ 21. Rxe1 cxb6 22. Kf2 $16 {[%csl Gd5]}) 19. Bc5 $1 {
White prefers to keep the queens on the board,trying to take advantage of
vulnerablity of Qd6.} ({Another possibility was:} 19. Bf4 Qb6 20. Qxb6 axb6 21.
Be5 b5 22. a3 c6 $14 {with a slight but stable advantage in the endgame.})
19... Qa6 20. Bf1 {The bishop has nothing to do on the long diagonal,as f3-f4
is problematic while black's knight is on f6. Now the Qa6 is in great danger.}
(20. a4 $5 {[%csl Ra6][%cal Gg2f1]} b6 21. Be7 $36) 20... Qa5 21. a4 {A strong
move,which wasn't connected with a right idea!} ({After the energetical} 21. b4
Qa3 22. Rd3 $1 b6 23. Be7 {[%csl Ra3]} Ne8 24. Nb5 Qa6 25. Nd4 $16 {[%cal
Gd4e6] white could reach a significant advantage,as all heavy pieces of black
are out of play,while his kside is quite compromised.}) 21... Bf8 22. Bd4 $1 {
[%csl Gd4] Alexander is playing very strong until this moment. Now it's not
easy to give black a good advice.} (22. b4 Bxc5 23. Qxc5 Qb6 24. a5 Qd6 $14)
22... Ne8 {Black must prevent the penetration of white's rook.} ({Wrong was:} 
22... Bg7 $2 23. Re7 $1 Re8 24. Bxf6 Bxf6 25. Rxd7 Bxc3 26. d6 $1 Qxa4 27. dxc7
Bg7 28. Qc5 $18) 23. Qe3 $6 {That is a first miss of Alexander.} ({White has
missed a beautiful winning opportunity:} 23. d6 $1 {freeing a way to black's
king.} Bxd6 (23... cxd6 24. b4 $1 Qxb4 25. Qa2+ $18) (23... Nxd6 24. b4 $1 $18)
(23... Qb4 24. Bc5 Qb3 25. dxc7 Rxc7 26. Bxf8 Kxf8 27. Qd4 Qb6 28. Qxb6 axb6
29. Nd5 $18) (23... Ng7 24. b4 $1 Qxb4 25. Qa2+ Kh8 26. Qf7 $18 {[%cal Ge1e7]})
24. Bc4+ Kf8 {[%tqu "En","How white can develop his attack?","","","c3e4","",
10]} 25. Ne4 $1 {After that strong move all white's pieces take part in attack!
} Qb4 (25... fxe4 26. fxe4+ Bf5 27. exf5 g5 28. Qe3 $18) (25... f4 26. Bc3 $1
Qb6 27. Ng5 Qxf2+ 28. Kxf2 $18) 26. Nxd6 cxd6 27. Qe3 Qxc4 28. Qh6+ Kf7 29.
Qxh7+ Kf8 30. Rxe8+ Kxe8 31. Qh8+ Ke7 32. Qf6+ Ke8 33. Re1+ $18) 23... Nd6 24.
Qe5 Nf7 25. Qf6 Qb4 $1 {[%cal Gb4d6] The only defece against 26.d6-black must
prevent the activization of Bf1.} (25... Re8 26. d6 $18 {[%cal Gf1c4]}) 26. b3
$2 {[%cal Gf1c4] As it usually happens,one mistake can lead to another one.
That move is too slowly and allows black to consolidate his position by
ellegant defensive resourse.} ({Besides,white had 2 nice possibilities:} 26. d6
Qxd6 27. Nd5 $3 Qxd5 $8 28. Re7 $3 {[%cal Ge7f7] (it's important to prevent 28.
..Qd6.At the same time,29.Rxf7 is an unavoidable threat!)} c5 (28... Qxd4+ 29.
Rxd4 Bxe7 30. Qxe7 Re8 31. Qxd7 $1 Red8 32. Bc4 Rxd7 33. Rxd7 Rf8 34. Rxc7 $18)
29. Bc3 Rc6 30. Rxd5 Rxf6 31. Rexd7 Re6 32. Rxb7 $18) ({Even more convincing
is:} 26. Bc4 $1 {[%cal Gd5d6]} Re8 (26... Qd6 27. Re6 Qb4 28. b3 $18) 27. b3
Qd6 28. Re6 $18) 26... c5 $3 {Mihail Kobalija finds an excellent defensive
move! Now black's passive Rc8 is going to take part in this game again!} 27.
dxc6 (27. Re7 Qxd4+ (27... Be8 $5 28. Rxf7 cxd4 29. Na2 Qd6 (29... Qa3 $2 30.
Rxb7 Qxa2 31. Re1 $1 $18 {[%cal Ge1e8]}) 30. Rg7+ Kh8 31. Rxg6+ Qxf6 32. Rxf6
Bg7 $44 {[%csl Ra2,Gd4]}) 28. Rxd4 Bxe7 29. Qxe7 cxd4 30. Nd1 (30. Ne2 d3 $1
31. Nd4 Rc1) 30... Rc1 $1 31. Qxd7 Rxd1 32. Qxb7 Re8 $132) 27... Rxc6 28. Nd5
$8 Rxf6 29. Nxb4 ({Nothing promised} 29. Nxf6+ Kh8 30. Nd5+ Qxd4+ 31. Rxd4 Bc5
$11) 29... Rd6 {An accurate play is deserved from black in this endgame,as
white's pieces are very active.} 30. Bc3 {White avoids an unnecessary
simplifications.} (30. Bc4 Rxd4 31. Rxd4 Bc5 32. Nc2 Kf8 33. Kg2 Bxd4 34. Nxd4
Re8 $11) 30... Rxd1 $1 ({After} 30... Re8 31. Bc4 {the pin can be very
unpleasant.}) 31. Rxd1 Bxb4 $6 {That exchange wasn't necessary at all.} ({
After the natural} 31... Be6 32. Nd5 Bg7 33. Bxg7 Kxg7 34. f4 (34. Nc7 $2 Bxb3
$17) 34... Rd8 35. Bg2 a5 $1 $11 {the game should ended into a draw very soon.}
) 32. Bxb4 Be6 33. Rd3 $14 {Now white has a small but stable advantage due to
power of his bishops.} Rd8 ({I would prefer:} 33... Rc8 34. Re3 Bd5 35. Be2 Rc2
36. Kf2 h6 {and black's rook is quite active.}) 34. Re3 Bd5 35. a5 {That move
is very useful in the endgame,as the Pa5 is much less vulnerable than on a4.}
Rc8 {[%cal Gc8c2] Activity is the best method of defence!} 36. Be2 Rc2 37. Bc3
Kf8 38. Kf2 Ng5 {Black trasfers his knight to e6-there it will control an
important square d4 and prevent the activization of white's king.} ({Deserved
attention also:} 38... Nd8 $5 {[%cal Gd8e6,Gd8c6]} 39. Bb4+ $140 (39. Rd3 Nc6
40. Bd2 Be6 $11) 39... Kf7 40. Re7+ Kf6 41. Rd7 Nc6 42. Rxd5 Nxb4 43. Rd7 Nc6
$11) 39. Ke1 Kf7 40. h4 Ne6 41. Bd1 Rg2 42. Be5 {[%csl Ge5][%cal Ge3c3] Now
white is ready to activate his rook by 43.Rc3,so black has to prevent it.} Rg1+
43. Kd2 Rg2+ 44. Kc3 Rg1 45. Rd3 (45. Bc2 Rf1 46. f4 {is similar to the game})
(45. Be2 Re1 46. Kd2 Rb1 47. Bd1 Nc5 $11) 45... Bc6 46. b4 {[%cal Gd1b3] White
has made some progress,but black's position is very solid,as he has no
weaknesses.} Ke7 47. Bb3 Rf1 {That forces white to advance his ''f'' pawn.} 48.
f4 Be4 $11 {[%csl Ge4] Finally the bishop is on the safe square.Black's pieces
are at the best positions,so white cannot realize his minimal advantage.} 49.
Rd6 Nc7 50. Bc4 Rf3+ 51. Kb2 a6 ({Possible was also an immediate tackle:} 51...
Rxg3 52. Rd2 Ne6 53. Bd6+ Kf6 54. Bb8 Rg2 55. Rxg2 Bxg2 56. b5 Ke7 57. a6 bxa6
58. bxa6 Kd7 $11) 52. h5 (52. Rb6 Ne8 53. Bg8 Rxg3 54. Bxh7 Kf7 $11 {[%csl Rb6]
}) 52... Rxg3 53. hxg6 (53. h6 Rh3 54. Rd2 Ne6 $1 (54... Nb5 55. Bg7 {[%cal
Gc4g8]}) 55. Bd6+ Kf6 56. Be5+ Ke7 $11) 53... hxg6 54. Rb6 Nb5 {Black gives a
pawn back,but the arising endgame is dead drawn.} ({There was also nothing
wrong with} 54... Ne8 $11) 55. Bxb5 axb5 56. Rxb5 g5 {Swapping an additional
pawns.} 57. fxg5 Rxg5 58. Rb6 Rg2+ 59. Kc3 Rc2+ {White's only plan is a
sacrifice on b7,but black is able to prevent it,as his rook can always disturb
white's monarch.} 60. Kd4 Rb2 61. Bd6+ Kd7 62. Bc5 Rd2+ 63. Ke5 Rd5+ 64. Kf4
Rd1 65. Rh6 Rd3 66. Be3 Rb3 67. Bc5 Rd3 68. Rg6 Rd1 69. Rh6 1/2-1/2